Fundamentals of waves, optics and modern physics (Record no. 25708)

MARC details
000 -LEADER
fixed length control field 00291nam a2200109Ia 4500
082 ## - DEWEY DECIMAL CLASSIFICATION NUMBER
Classification number 535
Item number you
100 ## - MAIN ENTRY--AUTHOR NAME
Personal name Young, Hugh D
245 #0 - TITLE STATEMENT
Title Fundamentals of waves, optics and modern physics
260 ## - PUBLICATION, DISTRIBUTION, ETC. (IMPRINT)
Place of publication New York
Name of publisher McGraw Hill
Year of publication 1976
942 ## - ADDED ENTRY ELEMENTS (KOHA)
Koha item type Books
Holdings
Withdrawn status Lost status Damaged status Not for loan Home library Current library Date acquired Cost, normal purchase price Full call number Accession Number Koha item type
        RRII Library RRII Library 16/12/2021 16.50 535 you 06360 Books